| 000 | 00531nam a2200193 a 4500 | ||
|---|---|---|---|
| 001 | 20782 | ||
| 005 | 20180713214424.0 | ||
| 008 | 140415s1987 mx 000 0 spa d | ||
| 020 | _a9683601200 | ||
| 041 | _aspa | ||
| 082 |
_a340.2 _bCAP |
||
| 100 | 1 | _aCAPPELLETTI, MAURO | |
| 245 | 1 | 3 |
_aLA JUSTICIA CONSTITUCIONAL : _b(ESTUDIOS DE DERECHO COMPARADO) |
| 250 | _a1a ed. | ||
| 260 |
_aMEXICO : _bUNAM, _c1987 |
||
| 300 | _a357 | ||
| 650 | 1 | 4 | _aDERECHO COMPARADO |
| 700 | 1 |
_aFix-Zamudio, Héctor, _d1924- _epról. |
|
| 999 |
_c20782 _d20782 |
||